Select The Weeknd Songs - Statistics

General Stats
  • This quiz has been taken 22 times
  • The average score is 36 of 45
Answer Stats
Question Tile Select % Correct
Select all the songs from "Hurry Up Tomorrow" Album Is There Someone Else ? No
95%
Select all the songs from "Starboy" Album Niagara Falls No
95%
Select all the songs from "Starboy" Album Party Monster Yes
95%
Select all the songs from "After Hours" Album Save Yours Tears Yes
95%
Select all the songs from "Starboy" Album Valerie No
95%
Select all the songs from "Dawn Fm" Album Dawn Fm Yes
89%
Select all the songs from "After Hours" Album Heartless Yes
89%
Select all the songs from "After Hours" Album Out Of Time No
89%
Select all the songs from "Starboy" Album Stargirl Interlude ft. Lana Del Rey Yes
89%
Select all the songs from "Beauty Behind The Madness" Album The Birds pt.1 No
89%
Select all the songs from "Hurry Up Tomorrow" Album Wicked Games No
89%
Select all the songs from "After Hours" Album Don't Break My Heart No
84%
Select all the songs from "Starboy" Album I Feel It Coming ft. Daft Punk Yes
84%
Select all the songs from "Dawn Fm" Album Love to Lay No
84%
Select all the songs from "Dawn Fm" Album Rockin' No
84%
Select all the songs from "Dawn Fm" Album Sacrifice Yes
84%
Select all the songs from "Hurry Up Tomorrow" Album Starboy No
84%
Select all the songs from "Dawn Fm" Album Starry Eyes Yes
84%
Select all the songs from "After Hours" Album Tears In The Rain No
84%
Select all the songs from "Starboy" Album The Morning No
84%
Select all the songs from "Beauty Behind The Madness" Album True Colors No
84%
Select all the songs from "Beauty Behind The Madness" Album Acquainted Yes
79%
Select all the songs from "Beauty Behind The Madness" Album All I Know No
79%
Select all the songs from "Beauty Behind The Madness" Album Earned It (Fifty shades of grey) Yes
79%
Select all the songs from "Hurry Up Tomorrow" Album Hurry Up Tomorrow Yes
79%
Select all the songs from "Dawn Fm" Album Less Than Zero Yes
79%
Select all the songs from "Hurry Up Tomorrow" Album Open Hearts Yes
79%
Select all the songs from "Dawn Fm" Album Repeat After Me No
79%
Select all the songs from "Beauty Behind The Madness" Album Can't Feel My Face Yes
74%
Select all the songs from "After Hours" Album Faith Yes
74%
Select all the songs from "Starboy" Album False Alarm Yes
74%
Select all the songs from "Hurry Up Tomorrow" Album Given up on me Yes
74%
Select all the songs from "Beauty Behind The Madness" Album Shameless Yes
74%
Select all the songs from "Hurry Up Tomorrow" Album Timeless ft.Playboi carti Yes
74%
Select all the songs from "Beauty Behind The Madness" Album Angel Yes
68%
Select all the songs from "Dawn Fm" Album A Tale By Quincy Yes
68%
Select all the songs from "Hurry Up Tomorrow" Album Drive Yes
68%
Select all the songs from "After Hours" Album In Your Eyes Yes
68%
Select all the songs from "Hurry Up Tomorrow" Album Red Terror Yes
68%
Select all the songs from "After Hours" Album Snowchild Yes
68%
Select all the songs from "Dawn Fm" Album Here we go.. again ft. Tyler,The Creator Yes
63%
Select all the songs from "After Hours" Album Scared To Live Yes
63%
Select all the songs from "Starboy" Album Secrets Yes
63%
Select all the songs from "Beauty Behind The Madness" Album Tell Your Friends Yes
58%
Select all the songs from "Starboy" Album True Colors Yes
58%
No matching quizzes found
Score Distribution
Percent of People with Each Score
Percentile by Number Answered
Your Score History
You have not taken this quiz